000
00287nam a22001217a 4500
008
180109b xxu||||| |||| 00| 0 eng d
041
_a
eng
080
_a
33
100
_a
59
101
_a
eco
245
_a
an inquiry into the poverty of economics
_c
jameson.w
942
_2
udc
_c
BK
999
_c
39873
_d
39873